000 00946cam a2200301 a 4500
999 _c2177
_d2177
001 772087
003 OSt
005 20230322092032.0
008 180725s2011 enka b 000 j eng d
020 _a9781409572091
_q(pbk.) :
040 _aTWTCL
_beng
_cTWTCL
_eaacr
_dKH8
041 0 _aeng
042 _anbic
082 0 _a823.92 PUN
100 1 _aPunter, Russell.
_eauthor
245 1 4 _aThe magic ring /
_cwritten by Russell Punter ; illustrated by Mike and Carl Gordon.
260 _aLondon :
_bUsborne,
_c2011.
300 _a32 p. :
_bcol. ill. ;
_c20 cm.
490 1 _aUsborne very first reading ;
_v5.
490 1 _aMy first reading library.
650 0 _aRings
_vJuvenile fiction.
650 0 _aWishes
_xJuvenile fiction.
650 0 _aShipwreck victims
_vJuvenile fiction.
700 1 _aGordon, Carl,
_d1972-
_eillustrator
830 0 _aUsborne very first reading.
830 0 _aMy first reading library.
942 _2ddc
_cNFIC